Participatory appraisal of natural resources / (Record no. 22025)
[ view plain ]
| 000 -LEADER | |
|---|---|
| fixed length control field | 00435nam a22001575a 4500 |
| 020 ## - INTERNATIONAL STANDARD BOOK NUMBER | |
| ISBN | 817022618X |
| 020 ## - INTERNATIONAL STANDARD BOOK NUMBER | |
| ISBN | 8170226287 (pbk.) |
| 040 ## - CATALOGING SOURCE | |
| Transcribing agency | DLC |
| 082 ## - DEWEY DECIMAL CLASSIFICATION NUMBER | |
| Classification number | 333 MUK 1997 C332 Or. |
| 100 1# - MAIN ENTRY--AUTHOR NAME | |
| Personal name | Mukherjee, Neela. |
| 245 10 - TITLE STATEMENT | |
| Title | Participatory appraisal of natural resources / |
| 260 ## - PUBLICATION, DISTRIBUTION, ETC. (IMPRINT) | |
| Place of publication | New Delhi : |
| Name of publisher | Concept Pub. Co., |
| Year of publication | 1997. |
| 300 ## - PHYSICAL DESCRIPTION | |
| Number of Pages | 186 p. : |
| Other physical details | ill. ; |
| Dimensions | 22 cm. |
| 490 1# - SERIES STATEMENT | |
| Series statement | Studies in rural participation ; |
| 942 ## - ADDED ENTRY ELEMENTS (KOHA) | |
| Koha item type | ឯកសារស្រាវជ្រាវ |
| 952 ## - LOCATION AND ITEM INFORMATION (KOHA) | |
| Withdrawn status [LOCAL, KOHA] | 0 |
| Permanent Location | Date acquired | Koha item type | Lost status | Shelving location | Barcode | Current Location | Full call number |
|---|---|---|---|---|---|---|---|
| Library Block C | 2023-10-19 | ឯកសារស្រាវជ្រាវ | C332 | a72989 | Library Block C | 333 MUK 1997 C332 Or. |